Κατάλογος Βιβλιοθηκών Mediterranean College

History of the Byzantine State / Translated from the German by Joan Hussey (Record no. 5618)

MARC details
000 -LEADER
fixed length control field 01137cam a22001934a 4500
005 - ΗΜΕΡΟΜΗΝΙΑ ΚΑΙ ΩΡΑ ΤΕΛΕΥΤΑΙΑΣ ΕΝΗΜΕΡΩΣΗΣ
Πεδίο ελέγχου 20250605164217.0
008 - FIXED-LENGTH DATA ELEMENTS--GENERAL INFORMATION
Πεδίο ελέγχου σταθερού μήκους 250528s ||||||||||||||||||||||||d
035 ## - SYSTEM CONTROL NUMBER
System control number 20518
020 ## - ISBN
ISBN 631127828
040 ## - ΠΗΓΗ ΚΑΤΑΛΟΓΟΓΡΑΦΗΣΗΣ
Φορέας πρωτότυπης καταλογογράφησης MC Athens Campus Library
Γλώσσα καταλογογράφησης Ελληνικά, Μοντέρνα (1453-)
Modifying agency MC Athens Campus Library
Κανόνες περιγραφικής καταλογογράφησης AACR2
245 1# - ΤΙΤΛΟΣ ΚΑΙ ΔΗΛΩΣΗ ΥΠΕΥΘΥΝΟΤΗΤΑΣ
Τίτλος History of the Byzantine State / Translated from the German by Joan Hussey
260 ## - PUBLICATION, DISTRIBUTION, ETC.
Name of publisher, distributor, etc. Basil Blackwell,
Date of publication, distribution, etc. 1980
300 ## - PHYSICAL DESCRIPTION
Extent 624
520 ## - SUMMARY, ETC.
Summary, etc. The most important work of its kind by Byzantinists. Author's Preface, Illustrations, The Development of Byzantine Studies, The Early Byzantine State: Its Development and Characteristics (324-610), The Struggle for Existence and the Revival of the Byzantine State (610-711), The Age of Iconoclast Crisis (711-843), The Golden Age of the Byzantine Empire (843-1025), Government by the Civil Aristocracy of the Capital (1025-1081), The Rule of the Military Aristocracy (1081-1204), Latin Rule and the Restoration of the Byzantine Empire (1204-1282), The Decline and Fall of the Byzantine Empire (1282-1453), Genealogical Tables, Index.
700 1# - ΠΡΟΣΘΕΤΗ ΑΝΑΓΡΑΦΗ--ΦΥΣΙΚΟ ΠΡΟΣΩΠΟ
Personal name Ostrogorsky George
9 (RLIN) 6506
942 ## - ADDED ENTRY ELEMENTS (KOHA)
Koha item type Books
Holdings
Τύπος τεκμηρίου Βιβλιοθήκη Τρέχουσα τοποθεσία Barcode Αριθμός εισαγωγής Ημερομηνία απόκτησης Ταξιθετικό σύμβολο Αριθμός αντιτύπου Κατάσταση απόσυρσης Κατάσταση χαμένου Κατάσταση κατεστραμμένου Μη δανεισμός Σύνολο δανεισμών Ημερομηνία τελευταίας εμφάνισης Η τιμή ισχύει από
Books MC Athens Campus Library MC Athens Campus Library 9780000056177 6996 05/06/2025 949.5 OST 1           05/06/2025 05/06/2025

MC Athens Campus Library
Πατησίων 94 & Κοδριγκτώνος 13, 104 34
Πελλήνης 8 & Πατησίων 107, 112 51
Τ: +30 210 8899600

MC Thessaloniki Campus Library
Ίωνος Δραγούμη 21, 54625 | Ίωνος Δραγούμη 15, 54625
Τ: +30 2310 287779 – Τ: +30 2314 440300